| 000 | 00610nam a2200169 a 4500 | ||
|---|---|---|---|
| 001 | BRCA_1743 | ||
| 005 | 20190320203529.0 | ||
| 008 | 150508s1990----mx-#---###---#000-0#spa-# | ||
| 050 | 4 |
_aF1391.P8 _b.L43 31 _c1990 |
|
| 100 | 1 |
_aCervantes, Enrique A. _9383 |
|
| 245 | 1 | 0 |
_aBosquejo del desarrollo de la Ciudad de Puebla _cEnrique A. Cervantes. |
| 260 |
_aPuebla, México _bGobierno del Estado de Puebla : Secretaría de Cultura : Comisión Puebla V Centenario _c1990 |
||
| 300 |
_a40 p. _c21 cm. |
||
| 440 | 0 |
_aLecturas Históricas de Puebla _n31 _95440 |
|
| 651 | 4 |
_aPuebla (México) _xHistoria _9409 |
|
| 942 |
_2lcc _cB |
||
| 999 |
_c1527 _d1527 |
||